ბათუმის შოთა რუსთაველის სახელმწიფო უნივერსიტეტის ბიბლიოთეკა

ანალოგიური გამომთვლელი მანქანები : (ბიბ.ჩანაწერი № 39708)

000 -ლიდერი
ფიქსირებული სიგრძის საკონტროლო ველი 00959nam a2200217Ia 4500
001 - საკონტროლო ნომერი
საკონტროლო ველი 6312
003 - საკონტროლო ნომრის იდენტიფიკატორი
საკონტროლო ველი GE_BSU
005 - ბოლო ოპერაციის თარიღი და დრო
საკონტროლო ველი 20190529151236.0
008 - ფიქსირებული სიგრძის მონაცემთა ელემენტები - ზოგადი ინფორმაცია
ფიქსირებული სიგრძის საკონტროლო ველი 181216s1981||||geo|||||||||||||| ||geo||
040 ## - კატალოგიზაციის წყარო
Transcribing agency GE_BSU
041 ## - ენის კოდი
Language code of text/sound track or separate title geo
080 ## - უნივერსალური ათობითი კლასიფიკაციის ინდექსი
Universal Decimal Classification number 004.387(075) კ-20
100 ## - მთავარი ჩანაწერი - პიროვნების სახელი
Personal name კამკამიძე, კ.
9 (RLIN) 1801
245 ## - ცნობა სათაურის შესახებ
Title ანალოგიური გამომთვლელი მანქანები :
Remainder of title დამხმ. სახელმძღვ. /
Statement of responsibility, etc კ. კამკამიძე ; რედ. ი. გოგუაძე.
264 ## - წარმოების, გამოცემის, დისტრიბუციის და სხვა ცნობები
გამოცემის, წარმოების, დისტრიბუციის... ადგილი თბილისი :
გამოცემის, წარმოების, დისტრიბუციის... სახელწოდება განათლება,
გამოცემის, წარმოების, დისტრიბუციის... თარიღი 1981.
300 ## - ფიზიკური აღწერა
Extent 94 გვ. :
Other physical details ნახაზები ;
Dimensions 20 სმ.
504 ## - BIBLIOGRAPHY, ETC. NOTE
Bibliography, etc ბიბლიოგრ. : გვ.93.
653 ## - INDEX TERM--UNCONTROLLED
Uncontrolled term ანალოგიური გამომთვლელი მანქანები
700 ## - ADDED ENTRY--PERSONAL NAME
Personal name გოგუაძე, ი.
Relator term რედაქტორი
9 (RLIN) 1802
942 ## - ADDED ENTRY ELEMENTS (KOHA)
Koha item type წიგნი
Source of classification or shelving scheme
ეგზემპლარები
ჩამოწერის სტატუსი დაკარგული ეგზემპლარის სტატუსი კლასიფიკაციის წყარო ან თაროზე გაწყობის სქემა დაზიანების სტატუსი არ გაიცემა მუდმივი მდებარეობა (დაცვის ადგილი) ამჟამინდელი ადგილსამყოფელი თაროზე განთავსების ადგილი შეძენის თარიღი ღირებულება, შესყიდვის ნორმალური ფასი სრული შენახვის შიფრი შტრიხკოდი ბოლო ოპერაციის თარიღი ეგზემპლარის მიმდევრობითი ნომერი (კეტერი?) ფასის ძალაში შესვლის თარიღი ეგზემპლარის სახეობა საჯარო შენიშვნა
          ტექნოლოგიური ფაკულტეტის ბიბლიოთეკა ტექნოლოგიური ფაკულტეტის ბიბლიოთეკა წიგნსაცავი 2018-12-17 0.30 004.387(075) კ-20 12021 2018-12-17 12021 2018-12-17 წიგნი 0.30 ლ.
          ტექნოლოგიური ფაკულტეტის ბიბლიოთეკა ტექნოლოგიური ფაკულტეტის ბიბლიოთეკა წიგნსაცავი 2018-12-17 0.30 004.387(075) კ-20 12022 2018-12-17 12022 2018-12-17 წიგნი 0.30 ლ.
          ტექნოლოგიური ფაკულტეტის ბიბლიოთეკა ტექნოლოგიური ფაკულტეტის ბიბლიოთეკა წიგნსაცავი 2018-12-17 0.30 004.387(075) კ-20 12023 2018-12-17 12023 2018-12-17 წიგნი 0.30ლ.